000 01588nam2a22002531 4500
001 v19\rc\1987842
005 20251118181345.5
035 _a(NLR Aleph) 005084117
090 _a7227937
_c7227937
100 _a20080811d1915 u y0rusy50 ca
101 0 _arus
102 _aRU
105 _ay z |||||
200 0 _a... о деятельности Общества и о приходе и расходе сумм за 1913-1914 гг.
210 _d1915
215 _a[2], 13 с.
461 0 _1001v19\rc\1987841
_12001#$aОтчет Совета Псковского общества любителей музыкально-драматического искусства о деятельности Общества и о приходе и расходе сумм...$v... о деятельности Общества и о приходе и расходе сумм за 1913-1914 гг.
_97227930
_aПсковское о-во любителей музыкально-драматического искусства
_cПсков
_d1915
_tОтчет Совета Псковского общества любителей музыкально-драматического искусства о деятельности Общества и о приходе и расходе сумм...
_v... о деятельности Общества и о приходе и расходе сумм за 1913-1914 гг.
801 0 _aRU
_bNLR
_gpsbo
801 0 _aRU
_bRuMoRGB
_2psbo
801 1 _aRU
_bProSoft-M
_2rusmarc
852 _aNLR
_j19.49.2.78(7)
899 _aRuMoRGB
_jU 9/273
942 _cBOOK
980 _aNB